000 00783cam a2200241 a 4500
001 000014594
005 20200929163855.0
008 770520s1975 mx ab b 001 0 spa
020 _c9681310160
040 _aDO-SdBNP
_bspa
_cDLC
_dBNPHU
082 _a306.09
_bC728ó
100 1 _aComas, Juan,
_d1900-1979
_933036
245 1 0 _aOrigen de las culturas precolombinas /
_cJuan Comas.
260 _aMéxico :
_bSecretaria de Educación Pública,
_c1975.
300 _a159 p. :
_bil., mapas ;
_c17 cm.
490 1 _aSep Diana
_v175
504 _aIncluye referencias bibliográficas (p. 152).
650 4 _aIndios
_xOrigenes
_933037
650 4 _aIndios
_xInfluencias exteriores
_933038
830 0 _aSep Diana ;
_v175
_916980
910 _aCatalogación por copia / LC
049 _aBNGR
999 _c14180
_d14180